Normal view
MARC view
- القوى العاملة-اقتصاديات العمل
Entry Topical Term
001 - CONTROL NUMBER
- control field: 28078
003 - CONTROL NUMBER IDENTIFIER
- control field: JO-AjAnu
005 - DATE AND TIME OF LATEST TRANSACTION
- control field: 20230606074748.0
008 - FIXED-LENGTH DATA ELEMENTS
- fixed length control field: 230606|| aca||aabn | a|a d
040 ## - CATALOGING SOURCE
- Original cataloging agency: JO-AjAnu
- Transcribing agency: JO-AjAnu
150 ## - HEADING--TOPICAL TERM
- Topical term or geographic name entry element: القوى العاملة-اقتصاديات العمل
670 ## - SOURCE DATA FOUND
- Source citation: Work cat.: (JO-AjAnu)14413: العكيلي،طارق عبد الحسين, author 28077, اقتصاديات الموارد البشرية